000
00269nam a2200097Ia 4500
008
220204s9999 xx 000 0 und d
082
_a
NR:33(047)
_b
PLA
245
0
_a
Project report on the rehabilitation scheme(10000 acres rubber)
260
_a
Kottayam
_b
PCK
942
_c
BK
999
_c
23579
_d
23579